000
00339nam a2200145Ia 4500
008
221117s9999 xx 000 0 und d
082
_b
GUP
100
_a
GUPTA, AND GUPTA
245
0
_a
MEASURE AND INTEGRATION
250
_a
25TH
260
_b
KRISHNA PRAKASHAN, MEERUT
_c
2013
300
_a
560
650
_a
Mathematics
942
_c
BK
999
_c
214324
_d
214324